Harry Potter Movie Picture Quiz - Magical Objects - Statistics

General Stats
  • This quiz has been taken 50 times
  • The average score is 19 of 24
Answer Stats
Picture Answer % Correct
Cloak of Invisibility
95%
Philosopher's Stone
93%
Sorting Hat
93%
Golden Snitch
88%
Salazar Slytherin's Locket
88%
Elder Wand
85%
Helga Hufflepuff's Cup
85%
Howler
85%
Rowena Ravenclaw's Diadem
85%
Tom Riddle's Diary
85%
Sign of the Deathly Hallows
83%
Felix Felicis
80%
Goblet of Fire
80%
Triwizard Cup
80%
Vanishing Cabinet
78%
Marauder's Map
75%
Time-Turner
75%
Knight Bus
73%
Mandrake
73%
Whomping Willow
70%
Remembrall
68%
Sword of Gryffindor
68%
Resurrection Stone
65%
Pensieve
63%
No matching quizzes found
Score Distribution
Percent of People with Each Score
Percentile by Number Answered
Your Score History
You have not taken this quiz